[Event "BCF-ch Seniors U130"]
[Site "Aberystwyth"]
[Date "2014.07.29"]
[Round "2"]
[White "Brent, Derek"]
[Black "O'Rourke, Ben"]
[Result "1/2-1/2"]
[WhiteElo "108"]
[BlackElo "111"]
[PlyCount "39"]
[EventDate "2014.07.20"]
[EventType "swiss"]
[EventRounds "5"]
[EventCountry "WLS"]
[SourceTitle "EXT 2017"]
[Source "ChessBase"]
[SourceDate "2016.10.25"]
[SourceVersion "1"]
[SourceVersionDate "2016.10.25"]
[SourceQuality "1"]

1. e4 e6 2. d3 d5 3. Nd2 Nf6 4. Qe2 Be7 5. Ngf3 c5 6. g3 Nc6 7. c3 a5 8. Bg2 b6 9. 0-0 Ba6 10. Re1 0-0 11. h3 Rc8 12. e5 Nd7 13. Nf1 Re8 14. N1h2 Nf8 15. h4 f5 16. exf6 Bxf6 17. Bg5 h6 18. Bxf6 Qxf6 19. Ng4 Qf5 20. Nge5 1/2-1/2